000 00743nam a2200241Ia 4500
003 GCL
008 140319s9999 xx 000 0 ara d
040 _aGCL /
_cGCL
082 0 4 _a370.1931
_bد م
100 1 _aمحمد منير مرسى
245 1 0 _aالمدرسة والمجتمع العصرى /
_cمحمد منير مرسى
700 1 _aمحمد قدرى لطفى
700 1 _aد. جوسلين
700 1 _aمحمد عزت عبدالموجود (مترجم)
260 _a[S.N] :
_bعالم الكتاب ،
_c1977
300 _a360 ص
490 _a
650 0 4 _aالتعليم
650 0 4 _aالمدرسة والمجتمع
650 0 4 _aالخدمة الاجتماعية
650 0 4 _aالمدارس
942 _2ddc
_cBK
999 _c28849
_d28849